Statistics for 100 Most Common Pub Names in the UK

Click here to take the quiz!

General Stats

  • This quiz has been taken 994 times
    (993 since last reset)
  • The average score is 28 of 101

Answer Stats

Answer% Correct
1Red Lion
77%
61Queens
74%
14Kings Head
67%
17Queens Head
60%
2Crown
58%
11Kings Arms
56%
43Fox
56%
44Royal
55%
19Black Horse
52%
8White Horse
52%
12George
50%
26White Lion
50%
3Royal Oak
48%
10Ship
47%
6Swan
47%
33Bull
46%
4White Hart
45%
18Victoria
44%
66Queens Arms
43%
15Rose and Crown
41%
23Prince of Wales
40%
32Fox and Hounds
39%
74Lion
39%
58Black Swan
38%
40White Swan
38%
37Black Bull
38%
5Railway
36%
7Plough
36%
13Bell
35%
21Star
34%
24Anchor
34%
28Coach and Horses
33%
9New Inn
32%
74Black Lion
32%
20Castle
32%
27Station
31%
42Golden Lion
31%
36Sun
30%
16Wheatsheaf
30%
86Eagle
29%
95Stag
29%
46Nags Head
29%
56Green Man
27%
48Lamb
27%
38Hare and Hounds
26%
35Bridge
25%
77Duke of York
25%
31George and Dragon
24%
59Farmers Arms
23%
22Cross Keys
23%
29Rising Sun
22%
68Travellers Rest
21%
25Greyhound
21%
52Cock
21%
65Waggon and Horses
21%
50Masons Arms
20%
54Blue Bell
20%
61Cricketers
19%
86Blacksmiths Arms
19%
39Bulls Head
19%
59Wellington
18%
84Carpenters Arms
18%
88Green Dragon
18%
73Three Tuns
18%
41Three Horseshoes
18%
33Angel
17%
84Barley Mow
17%
91Horseshoe
16%
74Lord Nelson
16%
89Woolpack
16%
89Falcon
15%
97Unicorn
15%
82Horse and Groom
15%
68Robin Hood
15%
80Butchers Arms
14%
50Village Inn
14%
48Bay Horse
14%
68Grapes
14%
68Dolphin
14%
45Globe
14%
57Half Moon
14%
68Park Inn
13%
61Horse and Jockey
13%
61Albion
13%
93Market Inn
13%
100Miners Arms
12%
29Chequers
12%
97Foresters Arms
12%
95Shoulder of Mutton
12%
53Windmill
12%
80Sportsman
12%
66Beehive
12%
47Commercial
11%
92Talbot Inn
11%
97Halfway House
11%
82Griffin
9%
77Vine
9%
93Bird in Hand
8%
77Fountain
8%
55Brittania
7%
100Phoenix
7%

Score Distribution

Percentile by Number Answered

Percent of People with Each Score

Your Score History

You have not taken this quiz since the last reset